00401nam a2200145Ia 4500008004100000020001800041041000800059082001800067100006100085245004200146250000700188260003900195300001200234650000900246210716s2009 xx 000 0 und d a9788131723739 aeng a519.5068 RENB aRender, Barry;Stair, Ralph M;Hnna, Michael E;Badri, T N. aQuantitative analysis for management. a10 aNew DelhibPearson Educationc2009 axix,744 aNone